00645nam a2200217 4500003001100000005001700011008004100028020001500069040003900084041000800123082001400131100002000145245008200165260003800247300002700285650001900312650002500331650002200356650002500378650002400403LK-CoMWRAF20231109093533.0230831b1994 |||||||| |||| 00| 0 eng d a1882978277 aLK-CoMWRAFdLK-CoMWRAFeLK-CoMWRAF aeng a291 bCON aConway, Timothy aWomen of power and grace:bnine astonishing, inspiring luminaries of our time aCalifornia:bSanta Barbara,c1994 a351 p. : ill. ; 24 cm. aWOMEN-Religion aWomen and religion.  aWomen--Biography. aComparative religion aSpiritual biography